[Event "7th Iberoamerican-ch 2019"]
[Site "Linares"]
[Date "2019.08.12"]
[Round "3.10"]
[White "Del Rio De Angelis, Salvador G."]
[Black "Salgado Lopez, Ivan"]
[Result "1/2-1/2"]
[WhiteElo "2464"]
[BlackElo "2596"]
[Annotator "ChessBase"]
[PlyCount "74"]
[EventDate "2019.08.10"]
[EventType "swiss"]
[EventCountry "ESP"]
[SourceTitle "playchess.com"]
[Source "ChessBase"]
[SourceQuality "1"]
[TimeControl "5400+30"]

1. d4 {[%emt 0:00:00]} Nf6 {[%emt 0:00:00]} 2. c4 {[%emt 0:00:00]} e6 {[%emt 0:00:00]} 3. Nc3 {[%emt 0:00:34]} Bb4 {[%emt 0:00:00]} 4. e3 {[%emt 0:00:18]} O-O {[%emt 0:00:04]} 5. Bd3 {[%emt 0:00:39]} c5 {[%emt 0:00:17]} 6. Nge2 {[%emt 0:00:25]} cxd4 {[%emt 0:01:57]} 7. exd4 {[%emt 0:00:08]} d5 {[%emt 0:00:13]} 8. cxd5 {[%emt 0:00:24]} Nxd5 {[%emt 0:00:38]} 9. O-O {[%emt 0:00:19]} Nf6 {[%emt 0:02:48]} 10. Bc2 {[%emt 0:02:57]} Nc6 {[%emt 0:04:36]} 11. a3 {[%emt 0:01:35]} Bxc3 {[%emt 0:08:11]} 12. bxc3 {[%emt 0:00:33]} Qa5 {[%emt 0:00:25]} 13. c4 {[%emt 0:06:52]} Rd8 {[%emt 0:03:52]} 14. Bb2 {[%emt 0:00:28]} Qh5 {[%emt 0:04:15]} 15. Qe1 {[%emt 0:06:38]} b6 {[%emt 0:05:52]} 16. d5 {[%emt 0:04:07]} exd5 {[%emt 0:01:57]} 17. Nf4 {[%emt 0:01:41]} Qh4 {[%emt 0:24:12]} 18. Nxd5 {[%emt 0:04:20]} Be6 {[%emt 0:04:37]} 19. Nxf6+ {[%emt 0:17:11]} gxf6 {[%emt 0:00:07]} 20. Qe4 {[%emt 0:00:07]} Qxe4 {[%emt 0:02:01]} 21. Bxe4 {[%emt 0:00:06]} Rd6 {[%emt 0:04:05]} 22. Rac1 {[%emt 0:00:41]} Rc8 {[%emt 0:02:22]} 23. Bxf6 {[%emt 0:05:31]} Nd4 {[%emt 0:00:32]} 24. Rfd1 {[%emt 0:04:12]} Ne2+ {[%emt 0:04:50]} 25. Kf1 {[%emt 0:02:24]} Ng3+ {[%emt 0:01:31]} 26. hxg3 {[%emt 0:00:56]} Bxc4+ {[%emt 0:00:13]} 27. Kg1 {[%emt 0:02:29]} Rxf6 {[%emt 0:00:15]} 28. Rd7 {[%emt 0:10:32]} a6 {[%emt 0:02:28]} 29. Bd5 {[%emt 0:06:48]} b5 {[%emt 0:00:37]} 30. Rc3 {[%emt 0:00:25]} Rb8 {[%emt 0:07:07]} 31. Bxc4 {[%emt 0:05:16]} bxc4 {[%emt 0:00:05]} 32. Rxc4 {[%emt 0:00:11]} Rb1+ {[%emt 0:00:27]} 33. Kh2 {[%emt 0:00:07]} Rxf2 {[%emt 0:00:18]} 34. Rd8+ {[%emt 0:00:43]} Kg7 {[%emt 0:01:16]} 35. Rg4+ {[%emt 0:00:08]} Kf6 {[%emt 0:01:37]} 36. Rf4+ {[%emt 0:00:53]} Rxf4 {[%emt 0:00:41]} 37. gxf4 {[%emt 0:00:06]} Kf5 {[%emt 0:03:39]} 1/2-1/2

[Event "7th Iberoamerican-ch 2019"]
[Site "Linares"]
[Date "2019.08.12"]
[Round "3.11"]
[White "Damaso, Rui"]
[Black "Vazquez Igarza, Renier"]
[Result "0-1"]
[WhiteElo "2425"]
[BlackElo "2558"]
[Annotator "ChessBase"]
[PlyCount "58"]
[EventDate "2019.08.10"]
[EventType "swiss"]
[EventCountry "ESP"]
[SourceTitle "playchess.com"]
[Source "ChessBase"]
[SourceQuality "1"]
[TimeControl "5400+30"]

1. b3 {[%emt 0:15:16]} e5 {[%emt 0:00:11]} 2. Bb2 {[%emt 0:00:17]} Nc6 {[%emt 0:00:54]} 3. Nf3 {[%emt 0:01:04]} e4 {[%emt 0:02:39]} 4. Nd4 {[%emt 0:00:11]} Nf6 {[%emt 0:00:08]} 5. e3 {[%emt 0:01:52]} Bc5 {[%emt 0:03:05]} 6. Nf5 {[%emt 0:12:53]} g6 {[%emt 0:12:30]} 7. Ng3 {[%emt 0:03:46]} d5 {[%emt 0:06:20]} 8. d3 {[%emt 0:04:16]} O-O {[%emt 0:00:40]} 9. dxe4 {[%emt 0:03:02]} Nxe4 {[%emt 0:00:13]} 10. Nxe4 {[%emt 0:12:47]} dxe4 {[%emt 0:00:12]} 11. Be2 {[%emt 0:00:20]} Qg5 {[%emt 0:03:49]} 12. Kf1 {[%emt 0:01:31]} Rd8 {[%emt 0:01:02]} 13. Qe1 {[%emt 0:01:59]} Bb4 {[%emt 0:07:28]} 14. Nc3 {[%emt 0:01:49]} Qh4 {[%emt 0:05:14]} 15. a3 {[%emt 0:06:34]} Bf8 {[%emt 0:01:50]} 16. f4 {[%emt 0:00:34]} Qe7 {[%emt 0:02:20]} 17. g4 {[%emt 0:10:45]} Bg7 {[%emt 0:01:35]} 18. h4 {[%emt 0:00:12]} h6 {[%emt 0:12:44]} 19. Rb1 {[%emt 0:04:55]} a6 {[%emt 0:07:19]} 20. h5 {[%emt 0:02:22]} g5 {[%emt 0:00:18]} 21. fxg5 {[%emt 0:00:08]} hxg5 {[%emt 0:05:07]} 22. h6 {[%emt 0:00:20]} Be5 {[%emt 0:00:39]} 23. Qf2 {[%emt 0:01:16]} Kh8 {[%emt 0:06:08]} 24. Bc4 {[%emt 0:04:30]} Bxg4 {[%emt 0:02:27]} 25. Nd5 {[%emt 0:00:55]} Qd6 {[%emt 0:04:13]} 26. Qf6+ {[%emt 0:03:19]} Qxf6+ {[%emt 0:01:54]} 27. Nxf6 {[%emt 0:00:07]} Bf3 {[%emt 0:00:56]} 28. Rg1 {[%emt 0:00:21]} Bxb2 {[%emt 0:00:56]} 29. Rxb2 {[%emt 0:00:17]} Rd6 0-1

[Event "7th Iberoamerican-ch 2019"]
[Site "Linares"]
[Date "2019.08.12"]
[Round "3.12"]
[White "Sos Andreu, Eric"]
[Black "Krysa, Leandro"]
[Result "1/2-1/2"]
[WhiteElo "2343"]
[BlackElo "2517"]
[Annotator "TA"]
[PlyCount "61"]
[EventDate "2019.08.10"]
[EventType "swiss"]
[EventCountry "ESP"]
[SourceTitle "playchess.com"]
[Source "ChessBase"]
[SourceQuality "1"]

{[%evp 10,61,25,25,27,37,34,33,24,33,41,39,30,23,24,20,25,34,37,14,50,37,75,74,73,76,60,72,41,23,100,93,96,102,102,87,92,61,72,69,59,70,64,67,87,34,46,48,45,0,0,0,2,0]} 1. d4 Nf6 2. c4 e6 3. g3 d5 4. Nf3 dxc4 5. Bg2 b5 6. Ne5 c6 {E04: Open Catalan: 5 Nf3} 7. a4 {Black must now prevent axb5.} (7. Nxc6 Qb6 8. Nxb8 Bb7 9. Bxb7 Qxb7 10. O-O Rxb8 11. b3 cxb3 12. axb3 Rc8 13. Qd3 a6 14. Bb2 {1-0 (47) Landa,K (2601)-Van Foreest,J (2615) Germany 2017}) 7... Bb4+ 8. Bd2 Bxd2+ {White is slightly better.} 9. Qxd2 Nd5 10. axb5 cxb5 11. Nc3 f6 12. Ng4 Bb7 13. Nxb5 Qd7 14. e4 $146 {[%cal Re4d5]} ({Predecessor:} 14. Qa5) 14... Qxb5 15. exd5 Bxd5 16. Ra5 $36 {[%mdl 2048] White is in control.} Qb7 17. Bxd5 exd5 18. Qe2+ $1 Kf7 {[#] ...Nc6 is the strong threat.} 19. O-O {And now Re1 would win.} Re8 (19... Rd8 $1 $11) 20. Ne3 $16 {Hoping for Qh5+.} Nd7 21. Qh5+ Kg8 22. Qxd5+ Qxd5 23. Rxd5 (23. Nxd5 {seems wilder.} Rad8 24. Ne3 Nb6 25. Rxa7 Rxd4 26. Rb7) 23... Nb6 {[#] aiming for ...Rxe3.} 24. Ra5 Red8 25. d5 Rd7 26. Rfa1 Kf7 27. Rc5 (27. Kg2 $16) 27... Rc8 $14 28. Rxc8 Nxc8 29. Nxc4 Rxd5 30. Kf1 Rc5 31. b3 {Accuracy: White = 74%, Black = 78%.} 1/2-1/2

[Event "7th Iberoamerican-ch 2019"]
[Site "Linares"]
[Date "2019.08.12"]
[Round "3.13"]
[White "Salinas Herrera, Pablo"]
[Black "Blanco Acevedo, Cristobal Jose"]
[Result "1-0"]
[WhiteElo "2498"]
[BlackElo "2342"]
[Annotator "ChessBase"]
[PlyCount "103"]
[EventDate "2019.08.10"]
[EventType "swiss"]
[EventCountry "ESP"]
[SourceTitle "playchess.com"]
[Source "ChessBase"]
[SourceQuality "1"]
[TimeControl "5400+30"]

1. e4 {[%emt 0:02:15]} c5 {[%emt 0:00:30]} 2. Nf3 {[%emt 0:00:05]} d6 {[%emt 0:00:11]} 3. d4 {[%emt 0:00:05]} cxd4 {[%emt 0:00:06]} 4. Nxd4 {[%emt 0:00:04]} Nf6 {[%emt 0:00:10]} 5. Nc3 {[%emt 0:00:08]} g6 {[%emt 0:00:05]} 6. Be3 {[%emt 0:00:04]} Bg7 {[%emt 0:00:08]} 7. f3 {[%emt 0:00:05]} Nc6 {[%emt 0:00:33]} 8. Qd2 {[%emt 0:00:07]} O-O {[%emt 0:00:05]} 9. g4 {[%emt 0:00:03]} Bd7 {[%emt 0:02:57]} 10. O-O-O {[%emt 0:00:17]} a6 {[%emt 0:05:33]} 11. h4 {[%emt 0:00:06]} h5 {[%emt 0:00:07]} 12. gxh5 {[%emt 0:00:05]} Nxh5 {[%emt 0:00:08]} 13. Rg1 {[%emt 0:00:06]} Kh7 {[%emt 0:09:47]} 14. f4 {[%emt 0:13:04]} Nxd4 {[%emt 0:03:52]} 15. Bxd4 {[%emt 0:00:05]} e5 {[%emt 0:04:20]} 16. fxe5 {[%emt 0:00:06]} dxe5 {[%emt 0:00:18]} 17. Bc5 {[%emt 0:01:30]} Be6 {[%emt 0:05:43]} 18. Bxf8 {[%emt 0:00:18]} Qxf8 {[%emt 0:02:45]} 19. Kb1 {[%emt 0:06:33]} Bh6 {[%emt 0:00:29]} 20. Qf2 {[%emt 0:00:13]} Rc8 {[%emt 0:02:38]} 21. Nd5 {[%emt 0:00:09]} Nf4 {[%emt 0:00:25]} 22. c3 {[%emt 0:13:09]} b5 {[%emt 0:03:39]} 23. Qb6 {[%emt 0:02:41]} Rb8 {[%emt 0:04:26]} 24. Qc7 {[%emt 0:00:33]} Nxd5 {[%emt 0:05:59]} 25. exd5 {[%emt 0:00:11]} Bf5+ {[%emt 0:00:09]} 26. Bd3 {[%emt 0:08:02]} e4 {[%emt 0:00:10]} 27. Bc2 {[%emt 0:00:02]} b4 {[%emt 0:00:08]} 28. h5 {[%emt 0:01:27]} bxc3 {[%emt 0:05:44]} 29. hxg6+ {[%emt 0:00:06]} Bxg6 {[%emt 0:00:08]} 30. Qxc3 {[%emt 0:00:14]} Bg7 {[%emt 0:02:51]} 31. Qh3+ {[%emt 0:00:05]} Kg8 {[%emt 0:00:08]} 32. Bb3 {[%emt 0:00:02]} Qd6 {[%emt 0:00:35]} 33. Qe3 {[%emt 0:04:54]} a5 {[%emt 0:04:19]} 34. Rd2 {[%emt 0:00:15]} a4 {[%emt 0:07:55]} 35. Bxa4 {[%emt 0:05:20]} Be5 {[%emt 0:01:02]} 36. Rc2 {[%emt 0:07:31]} Rb4 {[%emt 0:05:35]} 37. Bb3 {[%emt 0:00:25]} Bd4 {[%emt 0:02:20]} 38. Rc8+ {[%emt 0:00:38]} Kg7 {[%emt 0:00:25]} 39. Qh3 {[%emt 0:00:02]} e3+ {[%emt 0:02:39]} 40. Ka1 {[%emt 0:00:19]} Bxb2+ {[%emt 0:02:25]} 41. Kxb2 {[%emt 0:00:05]} Qf6+ {[%emt 0:00:05]} 42. Ka3 {[%emt 0:02:35]} Rxb3+ {[%emt 0:02:26]} 43. axb3 {[%emt 0:00:22]} Qa6+ {[%emt 0:00:57]} 44. Kb4 {[%emt 0:00:12]} Qb6+ {[%emt 0:01:15]} 45. Kc4 {[%emt 0:00:48]} Qa6+ {[%emt 0:00:08]} 46. Kc5 {[%emt 0:00:40]} Qa5+ {[%emt 0:01:44]} 47. Kc6 {[%emt 0:00:18]} Qa6+ {[%emt 0:00:12]} 48. Kd7 {[%emt 0:01:43]} Qb7+ {[%emt 0:01:58]} 49. Ke8 {[%emt 0:00:30]} e2 {[%emt 0:03:08]} 50. Qd7 {[%emt 0:00:25]} e1=Q+ {[%emt 0:01:36]} 51. Rxe1 {[%emt 0:00:04]} Qb4 {[%emt 0:00:05]} 52. Re7 1-0

[Event "7th Iberoamerican-ch 2019"]
[Site "Linares"]
[Date "2019.08.12"]
[Round "3.14"]
[White "Mieles Palau, Daniel"]
[Black "Matamoros Franco, Carlos S."]
[Result "1/2-1/2"]
[WhiteElo "2359"]
[BlackElo "2498"]
[Annotator "TA"]
[PlyCount "42"]
[EventDate "2019.08.10"]
[EventType "swiss"]
[EventCountry "ESP"]
[SourceTitle "playchess.com"]
[Source "ChessBase"]
[SourceQuality "1"]

{[%evp 18,42,-7,-16,-14,-28,-25,-33,-34,-22,-22,-30,-33,-31,-25,-32,-28,-33,-21,-43,-37,-46,-42,-48,-44,-48,-8]} 1. c4 c5 2. Nc3 g6 3. g3 Bg7 4. Bg2 Nc6 5. Nf3 ({Predecessor:} 5. a3 e6 6. b4 d6 7. bxc5 dxc5 8. Rb1 Nge7 9. Bb2 O-O 10. Nf3 b6 {½-½ (45) Tokarev,I (2216)-Gabdrakhmanov,R (2386) Kazan 2008}) 5... d6 6. a3 e6 7. b4 Nge7 8. O-O O-O 9. bxc5 dxc5 10. Bb2 b6 {A37: Symmetrical English vs ...g6: 4 Bg2 Bg7 5 Nf3} 11. Rb1 $146 (11. d3 Bb7 12. Qc1 Qd7 13. Ne4 e5 14. Bc3 Nf5 15. Qb2 Nfd4 16. Rab1 Rab8 17. Rfe1 h6 18. a4 {0-1 (28) Svidler,P (2727)-Salem,A (2624) Berlin 2015}) 11... Bb7 12. Nb5 Bxb2 13. Rxb2 Qd7 14. d3 Rad8 15. Qd2 Nf5 16. Rfb1 Qe7 17. Ne1 Rd7 18. Nc2 Na5 {[#] White must now prevent ...Bxg2.Black is slightly better.} 19. Ne3 Nxe3 20. Qxe3 Bxg2 21. Kxg2 Rfd8 1/2-1/2

[Event "7th Iberoamerican-ch 2019"]
[Site "Linares"]
[Date "2019.08.12"]
[Round "3.15"]
[White "Gavarrete, Nahun"]
[Black "Garriga Cazorla, Pere"]
[Result "0-1"]
[WhiteElo "2344"]
[BlackElo "2495"]
[Annotator "ChessBase"]
[PlyCount "100"]
[EventDate "2019.08.10"]
[EventType "swiss"]
[EventCountry "ESP"]
[SourceTitle "playchess.com"]
[Source "ChessBase"]
[SourceQuality "1"]
[TimeControl "5400+30"]

1. c4 {[%emt 0:08:02]} c5 {[%emt 0:00:00]} 2. Nc3 {[%emt 0:01:02]} Nc6 {[%emt 0:00:00]} 3. g3 {[%emt 0:00:17]} g6 {[%emt 0:00:11]} 4. Bg2 {[%emt 0:00:08]} Bg7 {[%emt 0:00:03]} 5. Nf3 {[%emt 0:00:22]} d6 {[%emt 0:00:17]} 6. O-O {[%emt 0:00:12]} e6 {[%emt 0:00:29]} 7. e3 {[%emt 0:02:29]} Nge7 {[%emt 0:00:04]} 8. d4 {[%emt 0:00:14]} O-O {[%emt 0:00:05]} 9. dxc5 {[%emt 0:09:13]} dxc5 {[%emt 0:00:02]} 10. Qxd8 {[%emt 0:06:04]} Rxd8 {[%emt 0:00:05]} 11. Rd1 {[%emt 0:00:11]} Rxd1+ {[%emt 0:01:50]} 12. Nxd1 {[%emt 0:00:02]} b6 {[%emt 0:00:28]} 13. Bd2 {[%emt 0:06:07]} Ba6 {[%emt 0:05:06]} 14. Rc1 {[%emt 0:05:12]} Rd8 {[%emt 0:00:07]} 15. b3 {[%emt 0:05:39]} Nb4 {[%emt 0:11:05]} 16. a3 {[%emt 0:00:18]} Nd3 {[%emt 0:00:38]} 17. Rc2 {[%emt 0:00:13]} Nc6 {[%emt 0:06:49]} 18. Bf1 {[%emt 0:15:16]} Bb7 {[%emt 0:08:49]} 19. Bg2 {[%emt 0:04:39]} Ncb4 {[%emt 0:05:08]} 20. axb4 {[%emt 0:05:30]} Nxb4 {[%emt 0:00:10]} 21. Bxb4 {[%emt 0:00:19]} Rxd1+ {[%emt 0:00:29]} 22. Be1 {[%emt 0:00:03]} Bxf3 {[%emt 0:00:07]} 23. Bxf3 {[%emt 0:00:12]} Rxe1+ {[%emt 0:00:04]} 24. Kg2 {[%emt 0:00:05]} Rb1 {[%emt 0:00:03]} 25. Rd2 {[%emt 0:03:46]} Rxb3 {[%emt 0:01:27]} 26. Rd8+ {[%emt 0:01:30]} Bf8 {[%emt 0:00:01]} 27. Bc6 {[%emt 0:00:09]} Kg7 {[%emt 0:04:48]} 28. Be8 {[%emt 0:00:20]} Be7 {[%emt 0:01:02]} 29. Rc8 {[%emt 0:03:24]} a6 {[%emt 0:14:05]} 30. Ra8 {[%emt 0:02:41]} b5 {[%emt 0:02:30]} 31. Ra7 {[%emt 0:00:40]} bxc4 {[%emt 0:03:04]} 32. Rxe7 {[%emt 0:01:58]} Kf8 {[%emt 0:00:05]} 33. Rxf7+ {[%emt 0:01:05]} Kxe8 {[%emt 0:00:00]} 34. Rc7 {[%emt 0:00:38]} Rb5 {[%emt 0:01:56]} 35. Kf3 {[%emt 0:00:16]} a5 {[%emt 0:00:05]} 36. Ke4 {[%emt 0:00:36]} a4 {[%emt 0:01:14]} 37. Ra7 {[%emt 0:00:52]} Rb4 {[%emt 0:00:31]} 38. Ra5 {[%emt 0:05:32]} c3+ {[%emt 0:00:31]} 39. Kd3 {[%emt 0:00:07]} Rc4 {[%emt 0:00:06]} 40. Kc2 {[%emt 0:01:01]} h5 {[%emt 0:02:21]} 41. Ra7 {[%emt 0:01:58]} g5 {[%emt 0:00:28]} 42. f4 {[%emt 0:00:26]} g4 {[%emt 0:01:03]} 43. e4 {[%emt 0:00:58]} Rxe4 {[%emt 0:00:13]} 44. Kxc3 {[%emt 0:00:02]} Re2 {[%emt 0:00:02]} 45. Kc4 {[%emt 0:01:03]} Rxh2 {[%emt 0:00:35]} 46. Kxc5 {[%emt 0:00:11]} Rh3 {[%emt 0:00:31]} 47. Kd6 {[%emt 0:05:46]} Rxg3 {[%emt 0:00:05]} 48. Kxe6 {[%emt 0:00:26]} Re3+ {[%emt 0:00:24]} 49. Kf5 {[%emt 0:00:08]} a3 {[%emt 0:00:10]} 50. Kg6 {[%emt 0:03:47]} g3 {[%emt 0:00:06]} 0-1

[Event "7th Iberoamerican-ch 2019"]
[Site "Linares"]
[Date "2019.08.12"]
[Round "3.16"]
[White "Lianes Garcia, Marcos"]
[Black "Moreno Ruiz, Javier"]
[Result "1/2-1/2"]
[WhiteElo "2346"]
[BlackElo "2473"]
[Annotator "TA"]
[PlyCount "56"]
[EventDate "2019.08.10"]
[EventType "swiss"]
[EventCountry "ESP"]
[SourceTitle "playchess.com"]
[Source "ChessBase"]
[SourceQuality "1"]

{[%evp 16,56,45,44,63,47,46,57,47,58,56,21,40,43,41,29,43,38,39,22,31,0,0,0,0,0,0,0,0,0,0,-11,-10,-17,-11,-4,-6,-10,0,0,0,0,0]} 1. e4 c5 2. Nf3 Nc6 3. d4 cxd4 4. Nxd4 g6 5. c4 Bg7 6. Be3 Nf6 7. Nc3 O-O 8. Be2 d6 9. h3 Nxd4 {B38: Sicilian: Maroczy Bind with 5...Bg7 and 7...0-0} 10. Bxd4 Be6 11. O-O a6 {White is slightly better.} 12. Qd3 $146 ({Predecessor:} 12. f4 Qa5 13. Qd3 Rfc8 14. b3 Rab8 15. Kh1 b5 16. cxb5 axb5 17. Nxb5 Bd7 18. a4 Qb4 {1-0 (45) Cheparinov,I (2702)-Wan,Y (2500) China 2018}) 12... Rc8 13. Nd5 Nd7 14. Bxg7 Kxg7 15. Qd4+ f6 16. b3 Re8 17. Rad1 (17. Rfd1 {seems wilder.} Bxd5 18. exd5 Qa5 19. a3 Qb6 20. Qb2) 17... Qa5 18. Qd2 (18. Qb2 {is more complex.} Bxd5 19. Rxd5 Qb4 20. Bg4 Rcd8 21. Bxd7 Rxd7 22. Rfd1) 18... Qxd2 {The position is equal.} 19. Rxd2 Nc5 20. Nc3 h5 21. f4 a5 22. Rd4 Bd7 23. e5 dxe5 24. fxe5 Bc6 25. exf6+ exf6 26. Bf3 Re3 27. Nd5 Re6 28. Nf4 Re5 {Accuracy: White = 61%, Black = 64%.} 1/2-1/2

[Event "7th Iberoamerican-ch 2019"]
[Site "Linares"]
[Date "2019.08.12"]
[Round "3.17"]
[White "Cori, Jorge"]
[Black "Moral Garcia, Serafin"]
[Result "1-0"]
[WhiteElo "2686"]
[BlackElo "2283"]
[Annotator "RC"]
[PlyCount "101"]
[EventDate "2019.08.10"]
[EventType "swiss"]
[EventCountry "ESP"]
[SourceTitle "playchess.com"]
[Source "ChessBase"]
[SourceQuality "1"]
[TimeControl "5400+30"]

1. c4 {[%emt 0:00:00]} Nf6 {[%emt 0:00:11]} 2. Nf3 {[%emt 0:00:00]} g6 {[%emt 0:00:38]} 3. g3 {[%emt 0:00:13]} Bg7 {[%emt 0:00:40]} 4. Bg2 {[%emt 0:00:06]} O-O {[%emt 0:00:48]} 5. O-O {[%emt 0:00:06]} d6 {[%emt 0:01:06]} 6. Nc3 {[%emt 0:00:08]} c5 {[%emt 0:00:51]} 7. a3 {[%emt 0:02:52]} Nc6 {[%emt 0:02:11]} 8. Rb1 {[%emt 0:00:04]} Ne8 {[%emt 0:03:58]} 9. d3 {[%emt 0:11:00]} Nc7 {[%emt 0:02:27]} 10. Bd2 {[%emt 0:00:24]} a5 {[%emt 0:08:26]} 11. Ne1 {[%emt 0:13:34]} Bd7 {[%emt 0:09:06]} 12. Nd5 {[%emt 0:00:13]} Nxd5 {[%emt 0:03:10]} 13. cxd5 {[%emt 0:00:07]} Na7 {[%emt 0:01:48]} 14. h4 {[%emt 0:00:10]} h5 {[%emt 0:03:13]} 15. Nf3 {[%emt 0:01:54]} Nb5 {[%emt 0:01:40]} 16. Ng5 {[%emt 0:00:28]} Nc7 {[%emt 0:02:17]} 17. e4 {[%emt 0:00:56]} e6 {[%emt 0:03:09]} 18. dxe6 {[%emt 0:25:57]} Nxe6 {[%emt 0:01:42]} 19. Nxe6 {[%emt 0:00:07]} Bxe6 {[%emt 0:00:16]} 20. Bc3 {[%emt 0:00:04]} d5 {[%emt 0:03:49]} 21. Bxg7 {[%emt 0:00:21]} Kxg7 {[%emt 0:00:05]} 22. Qc2 {[%emt 0:06:09]} b6 {[%emt 0:04:52]} 23. Rbd1 {[%emt 0:01:52]} d4 {[%emt 0:03:21]} 24. f4 {[%emt 0:00:09]} Bg4 {[%emt 0:01:11]} 25. Bf3 {[%emt 0:02:25]} Bxf3 {[%emt 0:03:25]} 26. Rxf3 {[%emt 0:00:08]} f5 {[%emt 0:00:34]} 27. Re1 {[%emt 0:01:23]} Qe7 {[%emt 0:02:41]} 28. Rf2 {[%emt 0:00:10]} fxe4 {[%emt 0:04:16]} 29. dxe4 {[%emt 0:06:34]} Qe6 {[%emt 0:02:29]} 30. Qd3 {[%emt 0:00:16]} Rad8 {[%emt 0:00:33]} 31. Rc2 {[%emt 0:00:23]} Qg4 {[%emt 0:03:20]} 32. Rf1 {[%emt 0:00:44]} Qe6 {[%emt 0:00:29]} 33. Kh2 {[%emt 0:03:21]} Rfe8 {[%emt 0:02:09]} 34. Re1 {[%emt 0:00:07]} Re7 {[%emt 0:00:45]} 35. b3 {[%emt 0:00:56]} Ree8 {[%emt 0:03:24]} 36. b4 {[%emt 0:00:08]} axb4 {[%emt 0:00:35]} 37. axb4 {[%emt 0:00:06]} Qe7 {[%emt 0:02:17]} 38. e5 {[%emt 0:00:26]} Rf8 {[%emt 0:01:37]} 39. bxc5 {[%emt 0:03:26]} bxc5 {[%emt 0:00:01]} 40. Rec1 {[%emt 0:00:14]} Rc8 {[%emt 0:01:26]} 41. Qe4 {[%emt 0:00:06]} Rfd8 {[%emt 0:02:01]} 42. Ra2 {[%emt 0:07:04]} Rd6 {[%emt 0:07:57]} 43. Rca1 {[%emt 0:03:23]} Rb6 {[%emt 0:01:52]} 44. Ra7 {[%emt 0:07:12]} Rc7 {[%emt 0:00:01]} 45. R1a6 {[%emt 0:00:33]} Rxa7 {[%emt 0:01:59]} 46. Rxb6 {[%emt 0:00:05]} Ra2+ {[%emt 0:00:52]} 47. Kh3 {[%emt 0:00:33]} Qd7+ {[%emt 0:01:21]} 48. e6 {[%emt 0:00:13]} Qc8 {[%emt 0:00:15]} 49. Qe5+ {[%emt 0:00:29]} Kh7 {[%emt 0:00:00]} 50. Rb8 {[%emt 0:00:10]} Re2 {[%emt 0:00:04]} 51. Rxc8 {[%emt 0:00:20]} 1-0

[Event "7th Iberoamerican-ch 2019"]
[Site "Linares"]
[Date "2019.08.12"]
[Round "3.18"]
[White "Lopez Martinez, Josep Manuel"]
[Black "Balbuena Fuentes, Mario"]
[Result "1-0"]
[WhiteElo "2581"]
[BlackElo "2266"]
[Annotator "TA"]
[PlyCount "45"]
[EventDate "2019.08.10"]
[EventType "swiss"]
[EventCountry "ESP"]
[SourceTitle "playchess.com"]
[Source "ChessBase"]
[SourceQuality "1"]

{[%evp 10,45,20,20,23,17,18,18,16,7,14,12,17,0,10,0,0,0,441,441,508,535,529,526,481,429,423,368,29980,29981,29981,29982,29982,29983,29989,29990,29995,29996]} 1. d4 e6 2. c4 b6 3. e4 Bb7 4. Nc3 Bb4 5. Qc2 Qh4 6. Bd3 f5 {A40: Unusual replies to 1 d4} 7. Nf3 (7. g3 Qh5 8. Bd2 Nf6 9. f3 Nc6 10. Nb5 O-O 11. e5 a6 12. exf6 axb5 13. fxg7 Rfe8 14. Ne2 bxc4 15. Bxc4 Bxd2+ 16. Qxd2 Na5 17. Bb5 Nb3 18. Qe3 Nxa1 {0-1 (18) Vuckovic,B (2499)-Ivanisevic,I (2648) Belgrade 2014}) 7... Bxc3+ 8. Qxc3 (8. bxc3 Qg4 $17) 8... Qg4 {The position is equal.} 9. exf5 $146 {aiming for d5.} ({Predecessor:} 9. O-O fxe4 10. Ne5 Qf5 11. Bc2 d6 12. Ba4+ c6 13. Qg3 dxe5 14. Qxg7 {1-0 (56) Lain,L (2225)-Valsecchi,A (2506) Bergamo 2017}) 9... Qxg2 10. Rg1 Qxf3 11. d5 $1 Ne7 $1 {[%cal Re7f5]} 12. Rg3 $36 {[%mdl 2048] Black is under pressure.} Qh1+ {[%mdl 64] Double Attack} 13. Ke2 $1 Na6 $2 {[%mdl 8192]} ({Don't go for} 13... exd5 $2 14. Bg5 $18) ({Avoid the trap} 13... Nxf5 $2 14. Bxf5 Rf8 15. Rxg7 $18 (15. Bxh7 Qxh2 16. Qxg7 Qxf2+ 17. Kd1 Qf1+ 18. Kc2 Qf2+ 19. Kb3 Na6 $18)) (13... Qxh2 $11 14. Rxg7 Qh5+ 15. Ke1 Qh1+ 16. Ke2 Qh5+ {[%mdl 64] Double Attack} 17. Ke1 Rg8 18. Rxg8+ Nxg8 19. fxe6 dxe6) 14. Bg5 $1 $18 Qxa1 {[#]} 15. Bxe7 $1 Kxe7 16. Qxg7+ Kd6 {[#]} 17. dxe6 $1 dxe6 {...Nc5 is the strong threat.} 18. fxe6 {Qd7+ would kill now.} Rad8 $2 (18... Qc1 $18 19. Qd7+ Ke5) 19. Qd4+ {White mates.} Ke7 20. Rg7+ Ke8 21. Qf6 {[%csl Ge6,Gg7][%cal Rf6f7]} Bf3+ 22. Kxf3 {[%csl Ge6,Gg7][%cal Rf6f7]} Rxd3+ 23. Kg2 1-0